Retrouve les chansons de Francis Cabrel - Statistiques

Statistiques générales
  • Ce quiz a été pris 95 fois
  • Le résultat moyen est 16 sur 22
Answers on the Grid
Answers color-coded by a green-red scale on the quiz's grid according to % correct below.
À l'aube revenant
L'Encre de tes yeux
La ballade nord-irlandaise
Ma Bretagne quand elle pleut
La Corrida
Rockstars du Moyen Âge
Encore et encore
Partis pour rester
La Dame de Haute-Savoie
Je l'aime à mourir
La Fille qui m'accompagne
Sur la route de Memphis
Il faudra leur dire
Sarbacane
Hors-saison
Lettre à France
Fais comme l'oiseau
Il venait d'avoir 18 ans
Carte postale
C'est écrit
La Cabane du pêcheur
Le monde est sourd
Samedi soir sur la Terre
La Robe et l'Échelle
Je t'aimais, je t'aime, je t'aimerai
Les Murs de poussière
La vie en rose
Et maintenant
Octobre
Petite Marie
 
Statistiques - réponses
Réponse % Correct
La Corrida
99%
L'Encre de tes yeux
97%
Je l'aime à mourir
95%
Encore et encore
92%
Je t'aimais, je t'aime, je t'aimerai
92%
Petite Marie
92%
La Cabane du pêcheur
83%
Octobre
78%
Sarbacane
78%
C'est écrit
77%
La Dame de Haute-Savoie
76%
Il faudra leur dire
75%
Les Murs de poussière
73%
Samedi soir sur la Terre
73%
La Fille qui m'accompagne
64%
Hors-saison
55%
La Robe et l'Échelle
53%
Partis pour rester
52%
Carte postale
51%
À l'aube revenant
50%
Le monde est sourd
45%
Rockstars du Moyen Âge
34%
Aucun quiz correspondant
Distribution des résultats
% des personnes avec chaque résultat
Percentile par nombre de réponses
Votre historique - résultats
Vous n’avez pas pris ce quiz